| 000 | 00631nam a22002177a 4500 | ||
|---|---|---|---|
| 999 |
_c5769 _d5769 |
||
| 003 | AR-CdUCM | ||
| 008 | 190313b ||||| |||| 00| 0 spa d | ||
| 040 |
_aMUNICIPALIDAD PROVINCIAL DEL CUSCO _cBIBLIOTECA MUNICIPAL DEL CUSCO |
||
| 082 |
_a869.75 / _bL57 |
||
| 100 |
_aLeon, Carlos Augusto _917149 |
||
| 245 | _aYo canto a Lenin / | ||
| 260 |
_aMéxico : _c1957. |
||
| 300 |
_a14 paginas ; _bIlustraciones, _c26 cm. |
||
| 500 | _aDonación familia Nieto | ||
| 505 | _aContenido :Poema / | ||
| 650 |
_aLiteratura venezolana _96294 |
||
| 650 |
_aPoesía _9139 |
||
| 650 |
_aSiglo XX _98 |
||
| 942 |
_2ddc _cLIBROS |
||
| 945 | _arjall | ||